| 000 | 00868nam a2200253 i 4500 | ||
|---|---|---|---|
| 003 | DO-SdBNP | ||
| 005 | 20240724083120.0 | ||
| 006 | a||||gr|||| 00| 0 | ||
| 007 | ta | ||
| 008 | 240723e1990 dr ||||| |||| 00| e spa d | ||
| 040 |
_aDO-SdBNP _bspa _cBNPHU _erda |
||
| 082 | 4 |
_222 _bA162c |
|
| 100 | 1 |
_aAbreú Cardet, José, _962665 _eautor |
|
| 245 | 1 | 0 |
_aCampaña desconocida de Máximo Gómez Báez: _bHoguín 1869-1870 / _cJosé Abreu Cardet, Elia Sintes Gómez. |
| 264 | 1 |
_aHolguín, Cuba : _bSección de Historia PCC Provincial Holguín, _c1990 |
|
| 300 |
_a38 páginas ; _c23 cm. |
||
| 336 |
_2rdacontent _atexto _btxt |
||
| 337 |
_2rdamedia _asin mediación _bn |
||
| 338 |
_2rdacarrier _avolumen _bnc |
||
| 590 | _aInventariado 2024 / MF | ||
| 600 | 1 | 0 |
_aGómez, Máximo, _d1836-1905 _912249 |
| 700 | 1 |
_aSintes Gómez, Elia, _d1956- _964210 _eautor |
|
| 942 |
_2ddc _cLF2 |
||
| 999 |
_c57342 _d57342 |
||